00511nam a2200181 a 4500001001300000003000900013005001700022008004100039020001000080082001600090100002300106245006800129260004100197300000900238500003500247505002400282650002300306nice12345678IN_TiNIC20260116011300.0050524s1960 lona grp 000 0 eng  ac10000a221.1bPFE1 aPfeiffer, H Robert aReligion in the Old Testamentb History of a Spiritual Triumph. aLondonbAdam and Charles Blackc1960 a276p aincludes index and biblioraphy2 aIndex, Bibliography aBible O.T. History